00264 a2200121 4500001000700000020000600007040001100013100000600024240004900030245004400079362000900123440001000132158744 a  cMagnum a-10aEnciclopedia ilustrada do estudante/v.3lpor10aEnciclopedia ilustrada do estudante/v.30 a1899 1aGlobo